000 00469nam a22001457a 4500
003 OSt
008 230321b |||||||| |||| 00| 0 eng d
020 _a9781524987176
050 _aGF 41 .I41 2017
245 _aIntroduction to environmental science/
_cedited by Felicia P. Armstrong
250 _a2nd ed.
260 _aDubuque, IA:
_bKendallHunt Publishing Company,
_c2017.
300 _a120p. :
_bill. ;
_c28 cm.
942 _2lcc
_cBOOKS
_hGF 41 .I41 2017
999 _c31555
_d31555